[Event "Oberbayern Bezirksliga 1718"]
[Site "Germany"]
[Date "2018.02.25"]
[Round "7.8"]
[White "Doan, Duc Trung"]
[Black "Heinrichsen, Peter"]
[Result "0-1"]
[WhiteElo "1680"]
[BlackElo "1711"]
[PlyCount "120"]
[EventDate "2017.10.22"]
[EventType "team-tourn"]
[EventRounds "9"]
[EventCountry "GER"]
[SourceTitle "EXT 2019"]
[Source "ChessBase"]
[SourceDate "2018.10.10"]
[SourceVersion "1"]
[SourceVersionDate "2018.10.10"]
[SourceQuality "1"]
[WhiteTeam "Ingolstadt"]
[BlackTeam "Gauting"]
[WhiteTeamCountry "GER"]
[BlackTeamCountry "GER"]

1. e4 e5 2. Nf3 d6 3. d4 Nf6 4. dxe5 Nxe4 5. Qd5 Nc5 6. Bg5 Be7 7. exd6 Qxd6 8. Qxd6 Bxd6 9. Nbd2 0-0 10. 0-0-0 h6 11. Be3 Nbd7 12. Nc4 Be7 13. Be2 Ne6 14. h4 Nf6 15. Nce5 Bc5 16. g4 Bxe3+ 17. fxe3 Ne4 18. Rdg1 N6c5 19. g5 h5 20. g6 f6 21. Nd3 Bg4 22. Nd4 Bxe2 23. Nxe2 Nxd3+ 24. cxd3 Nf2 25. Nf4 Nxh1 26. Rxh1 Rfe8 27. Kd2 Re5 28. d4 Rd8 29. Kd3 c6 30. Rh3 Rd6 31. Kc3 Re4 32. Kd3 f5 33. b4 b6 34. Kc4 Kf8 35. Rf3 Ke7 36. Nxh5 Rxg6 37. Ng3 Reg4 38. Nxf5+ Ke6 39. Kd3 Rf6 40. e4 g6 41. d5+ cxd5 42. Nd4+ Ke5 43. Re3 dxe4+ 44. Kc4 Rxh4 45. b5 Rf2 46. Ra3 Rh7 47. Rg3 Rxa2 48. Nc6+ Kf6 49. Nb4 Ra4 50. Kb3 Rxb4+ 51. Kxb4 Rc7 52. Rh3 Kf5 53. Rh1 g5 54. Rd1 e3 55. Rd5+ Kf4 56. Rd6 Re7 57. Rf6+ Ke4 58. Kc3 Rc7+ 59. Kb2 Rc5 60. Re6+ Re5 0-1

[Event "Oberbayern Bezirksliga 1718"]
[Site "Germany"]
[Date "2018.02.04"]
[Round "6.8"]
[White "Wetzel, Benjamin"]
[Black "Doan, Duc Trung"]
[Result "1/2-1/2"]
[WhiteElo "1838"]
[BlackElo "1680"]
[PlyCount "39"]
[EventDate "2017.10.22"]
[EventType "team-tourn"]
[EventRounds "9"]
[EventCountry "GER"]
[SourceTitle "EXT 2019"]
[Source "ChessBase"]
[SourceDate "2018.10.10"]
[SourceVersion "1"]
[SourceVersionDate "2018.10.10"]
[SourceQuality "1"]
[WhiteTeam "Starnberg II"]
[BlackTeam "Ingolstadt"]
[WhiteTeamCountry "GER"]
[BlackTeamCountry "GER"]

1. e4 c5 2. Nf3 Nc6 3. Bb5 e6 4. 0-0 d5 5. exd5 exd5 6. Re1+ Be6 7. Ne5 Rc8 8. Qe2 Be7 9. b4 cxb4 10. a3 a5 11. axb4 axb4 12. Ra7 Qb6 13. Bxc6+ bxc6 14. Rxe7+ Nxe7 15. Nxf7 0-0 16. Nd6 Bg4 17. Nxc8 Nxc8 18. Qe3 Qxe3 19. fxe3 Bf5 20. d3 1/2-1/2

[Event "Oberbayern Bezirksliga 1718"]
[Site "Germany"]
[Date "2018.01.21"]
[Round "5.8"]
[White "Doan, Duc Trung"]
[Black "Bauer, Robert2222"]
[Result "1-0"]
[WhiteElo "1680"]
[BlackElo "1765"]
[PlyCount "43"]
[EventDate "2017.10.22"]
[EventType "team-tourn"]
[EventRounds "9"]
[EventCountry "GER"]
[SourceTitle "EXT 2019"]
[Source "ChessBase"]
[SourceDate "2018.10.10"]
[SourceVersion "1"]
[SourceVersionDate "2018.10.10"]
[SourceQuality "1"]
[WhiteTeam "Ingolstadt"]
[BlackTeam "Dorfen"]
[WhiteTeamCountry "GER"]
[BlackTeamCountry "GER"]

1. e4 c5 2. Nc3 Nc6 3. Nf3 e5 4. Bc4 d6 5. h3 h6 6. a3 Nf6 7. d3 Be7 8. Be3 a6 9. a4 0-0 10. Qd2 Qa5 11. 0-0 Bd7 12. Kh1 Kh8 13. g4 Nd4 14. Nh2 Nh7 15. f3 Ng5 16. Kg2 Kh7 17. Nd5 Qxd2+ 18. Bxd2 Bd8 19. c3 Nc6 20. f4 Ne6 21. f5 Nc7 22. Nb6 1-0